DISEASES OF FEILD & HORTICULTURAL CROPS AND THEIR MANAGEMENT- II (Record no. 9061)

MARC details
000 -LEADER
fixed length control field 00487nam a22001697a 4500
005 - DATE AND TIME OF LATEST TRANSACTION
control field 20260310154158.0
008 - FIXED-LENGTH DATA ELEMENTS--GENERAL INFORMATION
fixed length control field 260309b |||||||| |||| 00| 0 eng d
020 ## - INTERNATIONAL STANDARD BOOK NUMBER
ISBN 978-93-91383-91-6
041 ## - LANGUAGE CODE
Language code of text/sound track or separate title eng
082 ## - DEWEY DECIMAL CLASSIFICATION NUMBER
Classification number 632 KUM-D
100 ## - MAIN ENTRY--AUTHOR NAME
Personal name KUMAR, SANJEEV
245 ## - TITLE STATEMENT
Title DISEASES OF FEILD & HORTICULTURAL CROPS AND THEIR MANAGEMENT- II
260 ## - PUBLICATION, DISTRIBUTION, ETC. (IMPRINT)
Place of publication NEW DELHI
Name of publisher NIPA GENX ELECTRONIC RESOURCES & SOLUTIONS P. LTD
Year of publication 2022
300 ## - PHYSICAL DESCRIPTION
Number of Pages 214;P
650 ## - SUBJECT ADDED ENTRY--TOPICAL TERM
Topical Term AGRICULTURE
942 ## - ADDED ENTRY ELEMENTS (KOHA)
Koha item type Books
Holdings
Lost status Damaged status Collection code Home library Current library Date acquired Source of acquisition Cost, normal purchase price Serial Enumeration / chronology Full call number Accession Number Koha item type
    AGRICULTURE JRU Library JRU Library 09/03/2026 PURCHASE 4995.00 LBI/000880 , DATE-6/03/2026 632 29306 Books
    AGRICULTURE JRU Library JRU Library 09/03/2026 PURCHASE 4995.00 LBI/000880 , DATE-6/03/2026 632 29307 Books